Focus sur: Blaise Zabini - Harry Potter - Statistiques

Statistiques générales
  • Ce quiz a été pris 212 fois
  • Le résultat moyen est 6 sur 7
Statistiques - réponses
Informations recherchées Réponses % Correct
Statut du sang Sang-Pur ou Sang-Mêlé
99%
Lieu de rencontre avec Harry Potter Poudlard
98%
Ecole fréquentée Poudlard
98%
Maison fréquentée Serpentard
97%
Couleur des cheveux Noir
96%
Première apparition Harry Potter à l'école des sorciers
87%
Acteur l'interprétant dans les films Louis Cordice
28%
Aucun quiz correspondant
Distribution des résultats
% des personnes avec chaque résultat
Percentile par nombre de réponses
Votre historique - résultats
Vous n’avez pas pris ce quiz